Match ABBA songs to the album by its cover - Statistics

General Stats
  • This quiz has been taken 17 times
  • The average score is 27 of 50
Answer Stats
Hint Answer % Correct
Chiquitita
79%
Mamma Mia
71%
The Winner Takes It All
71%
Super Trouper
71%
One Of Us
71%
Angeleyes
71%
If It Wasn't For The Nights
71%
Waterloo
71%
Ring Ring
71%
Andante, Andante
64%
The Visitors
64%
Gimme! Gimme! Gimme! (A Man After Midnight)
64%
Hasta Manana
64%
Don't Shut Me Down
64%
Take A Chance On Me
64%
SOS
57%
Fernando
57%
When I Kissed The Teacher
57%
Lay All Your Love On Me
57%
Our Last Summer
57%
The Day Before You Came
57%
Head Over Heels
57%
I Let The Music Speak
57%
Two For The Price Of One
57%
Under Attack
57%
People Need Love
57%
I Still Have Faith In You
57%
Thank You For The Music
57%
Slipping Through My Fingers
50%
Should I Laugh Or Cry
50%
I Have A Dream
50%
Does Your Mother Know
50%
Honey, Honey
50%
When You Danced With Me
50%
One Man, One Woman
50%
The Name Of The Game
50%
I do, I do, I do, I do, I do
43%
So Long
43%
Knowing Me, Knowing You
43%
Money, Money, Money
43%
Happy New Year
43%
Summer Night City
43%
Crazy World
36%
Dancing Queen
36%
Tiger
36%
That's Me
36%
My Love, My Life
36%
Eagle
36%
Move On
36%
Bang-A-Boomerang
29%
No matching quizzes found
Score Distribution
Percent of People with Each Score
Percentile by Number Answered
Your Score History
You have not taken this quiz